| 000 | 00791nam a2200193Ia 4500 | ||
|---|---|---|---|
| 008 | 151121s9999||||xx |||||||||||||| ||und|| | ||
| 082 | _a834/विनोबा | ||
| 082 | _bHNW-8129 | ||
| 100 | _aविनोबा भावे | ||
| 245 | _aविनोबाजी का भू दान यज्ञ आंदोलन | ||
| 260 | _b"सस्ता साहित्य मण्डल प्रकाशन, न। दिल्ली" | ||
| 260 | _c-- | ||
| 300 | _a48 | ||
| 600 | _aविनोबा भावे | ||
| 630 | _aविनोबाजी का भू दान यज्ञ आंदोलन | ||
| 700 | _aविनोबा भावे | ||
| 730 | _aविनोबाजी का भू दान यज्ञ आंदोलन | ||
| 942 | _cBOOK | ||
| 999 |
_c1214685 _d1214682 |
||